skbl

Dr Suryya Kumar Bhuyan Library Web-OPAC
ডঃ সূৰ্য্য
কুমাৰ ভূঞা পুথিভঁৰাল ৱেব-অ'পেক

All Research Scholars are advised to clear the annual library fees to continue using Library Resources, Remote Access, Plagiarism Test and Library Clearance.

Cotton University Book Fair 2026

Modern Asia Since 1900 / (Record no. 8356)

MARC details
000 -LEADER
fixed length control field 00678nam a2200253Ia 4500
001 - CONTROL NUMBER
control field 8369
005 - DATE AND TIME OF LATEST TRANSACTION
control field 20240113234106.0
007 - PHYSICAL DESCRIPTION FIXED FIELD--GENERAL INFORMATION
fixed length control field ta
008 - FIXED-LENGTH DATA ELEMENTS--GENERAL INFORMATION
fixed length control field 050719s 199 a g b000 u eng u
020 ## - INTERNATIONAL STANDARD BOOK NUMBER
Terms of availability PB
040 ## - CATALOGING SOURCE
Original cataloging agency Cotton College Assam
041 ## - LANGUAGE CODE
Language code of text/sound track or separate title eng
082 ## - DEWEY DECIMAL CLASSIFICATION NUMBER
Classification number 950
Item number Ja 33 Mo
100 ## - MAIN ENTRY--PERSONAL NAME
Personal name Jayapalan, N. .
245 #0 - TITLE STATEMENT
Title Modern Asia Since 1900 /
Statement of responsibility, etc. N. Jayapalan.
Medium Textual Documents
260 ## - PUBLICATION, DISTRIBUTION, ETC.
Place of publication, distribution, etc. New Delhi :
Name of publisher, distributor, etc. Atlantic Publishers ,
Date of publication, distribution, etc. C 1999.
300 ## - PHYSICAL DESCRIPTION
Extent viii, 165p. :
Other physical details ill. ;
Dimensions 22cm. .
504 ## - BIBLIOGRAPHY, ETC. NOTE
Bibliography, etc. note Index
653 ## - INDEX TERM--UNCONTROLLED
Uncontrolled term History, Modern Asia Since 1900
653 ## - INDEX TERM--UNCONTROLLED
Uncontrolled term Asia , Since 1900
942 ## - ADDED ENTRY ELEMENTS (KOHA)
Source of classification or shelving scheme Dewey Decimal Classification
Koha item type Books
Holdings
Withdrawn status Lost status Damaged status Not for loan Collection Home library Current library Date acquired Coded location qualifier Total checkouts Total renewals Full call number Barcode Date last seen Date last checked out Copy number Price effective from Koha item type
          Dr. Suryya Kumar Bhuyan Library Dr. Suryya Kumar Bhuyan Library 01/02/2012 00000 2 4 950 Ja 33 Mo 145//Hist 05/08/2025 08/05/2025 1 01/02/2012 Books

Designed and Maintained by Team SKBL
©1901-2026

Powered by Koha